000 02100cam a22004574i 4500
003 PE-LiUPU
005 20250731173134.0
008 150623s1978 tnu rb 000 0 eng d
020 _a0687195993
035 _a(Sirsi) i9780687195992
040 _aPE-LiUPU
_bspa
_cPE-LiUPU
_erda
049 _aPRUA
082 0 4 _a221.6
_bF71
_221
100 1 _aFohrer, Georg,
_eautor.
245 1 0 _aIntroduction to the Old Testament /
_cGeorg Fohrer; Trad. David E. Green.
264 1 _aAbingdon, Nashville, Tennessee :
_bAbingdon Press,
_c1978.
300 _a540 páginas ;
_c24 centímetros
336 _atext
_2rdacontent
337 _aunmediated
_2rdamedia
338 _avolume
_2rdacarrier
504 _aIncluye referencias bibliográficas.
505 0 _aIsraelite literature, the canon of the Old Testament, and introductory studies. The formation of the historical and legal books: General -- The pentateuch -- Joshua through kings -- The chronicler's history -- Other books. The formation of the poetic books: General -- The songbooks. The formation of the wisdom books: General -- The wisdom books. The formation of the prophetical books and the Apocalyptic book: General -- The prophetical books -- The Apocalyptic book. The compilation and transmission of the Old Testament: Origin and history of the canon -- Textual history of the Old Testament.
526 _aSEG42
526 _aSEG41
526 _aSEG40
526 _aSEG39
526 _aP94
526 _aP87
526 _aP86
526 _aP85
526 _aP77
526 _aP76
526 _aP35
630 _aBiblia.
_pA.T.
_xIntroducciones.
942 _2ddc
_cBOOK
949 _a221.6 F71
_wDEWEY
_c1
_i52207
_lCCODEBUL1
_mBUL
_p20.00
_r0
_sY
_tBOOK
_u2015-6-24
_xTEOLOGIA
_PP35
_0COMPRA
_o.STAFF. Colección General
994 _aC0
_bPEPRU
596 _a1
999 _a221.6 F71
_wDEWEY
_c34018
_i52207
_d34018
_e2017-6-4
_f2021-11-11
_g5
_lCCODEBUL1
_mBUL
_n1
_p20.00
_q7
_r0
_sY
_tBOOK
_u2015-6-24
_xTEOLOGIA
_PP35
_0COMPRA
_o.STAFF. Colección Teología
980 _81
_gALBERTO SANCHEZ Responsable de Automatización